Central Library OPAC University of Rajshahi

Social work in tuberculosis / (Record no. 50883)

MARC details
000 -LEADER
fixed length control field 00816nam a22002652 4500
001 - CONTROL NUMBER
control field 50883
003 - CONTROL NUMBER IDENTIFIER
rucl marc code BD-RJUL
005 - DATE AND TIME OF LATEST TRANSACTION
control field 20211209075559.0
008 - FIXED-LENGTH DATA ELEMENTS--GENERAL INFORMATION
fixed length control field 160828s1959 enk 001 0 eng d
035 ## - SYSTEM CONTROL NUMBER
System control number BD-RJUL 51003
040 ## - CATALOGING SOURCE
Original cataloging agency ZHM
Transcribing agency ZHM
Modifying agency UKM
-- EQO
Language of cataloging eng
041 ## - LANGUAGE CODE
Language code of text/sound track or separate title eng
082 04 - DEWEY DECIMAL CLASSIFICATION NUMBER
Classification number 362.196995
Edition number 18
Author mark and year COS 1959
090 ## - LOCALLY ASSIGNED LC-TYPE CALL NUMBER (OCLC); LOCAL CALL NUMBER (OCLC)
Classification number (OCLC) (R) ; Classification number, CALL (RLIN) (NR) RC316.G7
Local cutter number (OCLC) ; Book number/undivided call number, CALL (RLIN) C6
100 1# - MAIN ENTRY--PERSONAL NAME
Personal name Coltart, Margaret.
9 (RLIN) 152317
245 10 - TITLE STATEMENT
Title Social work in tuberculosis /
Statement of responsibility, etc. by Margaret Coltart, Helen Raine and Elizabeth Harrison.
260 ## - PUBLICATION, DISTRIBUTION, ETC. (IMPRINT)
Place of publication, distribution, etc. London :
Name of publisher, distributor, etc. Chest and Heart Association,
Date of publication, distribution, etc. 1959.
300 ## - PHYSICAL DESCRIPTION
Pagination 144 p. ;
Size 21 cm.
500 ## - GENERAL NOTE
General note Includes index.
650 #0 - SUBJECT ADDED ENTRY--TOPICAL TERM
Topical term or geographic name as entry element Tuberculosis
Geographic subdivision Great Britain.
9 (RLIN) 152318
Topical term or geographic name as entry element Medical social work.
9 (RLIN) 152319
700 1# - ADDED ENTRY--PERSONAL NAME
Personal name Raine, Helen.
Personal name Harrison, Elizabeth.
942 ## - ADDED ENTRY ELEMENTS (KOHA)
Source of classification or shelving scheme Dewey Decimal Classification
Koha item type Books
Holdings
Lost status Source of classification or shelving scheme Damaged status Not for loan Collection code Permanent Location Current Location Shelving location Date acquired Total Checkouts Full call number Date last seen Copy number Koha item type
  Dewey Decimal Classification     Non-fiction Central Library, University of Rajshahi Central Library, University of Rajshahi   31/05/1966   362.196995 COS 1959 28/08/2016 C-2 Books